Physics of star formation in galaxies (Record no. 14702)

MARC details
000 -LEADER
fixed length control field 00687nam a2200241Ia 4500
003 - CONTROL NUMBER IDENTIFIER
control field IN-BaIIA
008 - FIXED-LENGTH DATA ELEMENTS--GENERAL INFORMATION
fixed length control field 211028s9999 xx 000 0 eng d
020 ## - INTERNATIONAL STANDARD BOOK NUMBER
International Standard Book Number 3-540-43102-0
040 ## - CATALOGING SOURCE
Transcribing agency IIA Library
080 ## - UNIVERSAL DECIMAL CLASSIFICATION NUMBER
Universal Decimal Classification number 524.3-52(082.2)
Item number PAL
100 ## - MAIN ENTRY--PERSONAL NAME
Personal name Palla, F
9 (RLIN) 26278
245 #0 - TITLE STATEMENT
Title Physics of star formation in galaxies
Statement of responsibility, etc. F. Palla and H. Zinnecker
260 ## - PUBLICATION, DISTRIBUTION, ETC.
Place of publication, distribution, etc. Berlin
Name of publisher, distributor, etc. Springer-Verlag
Date of publication, distribution, etc. 2002
300 ## - PHYSICAL DESCRIPTION
Extent xii, 232p.
490 ## - SERIES STATEMENT
Series statement Saas - Fee advanced courses; 29
650 ## - SUBJECT ADDED ENTRY--TOPICAL TERM
Topical term or geographic name entry element PMS stars
9 (RLIN) 26279
650 ## - SUBJECT ADDED ENTRY--TOPICAL TERM
Topical term or geographic name entry element Protostars
9 (RLIN) 10852
650 ## - SUBJECT ADDED ENTRY--TOPICAL TERM
Topical term or geographic name entry element Star formation
650 ## - SUBJECT ADDED ENTRY--TOPICAL TERM
Topical term or geographic name entry element Young binaries
9 (RLIN) 26280
650 ## - SUBJECT ADDED ENTRY--TOPICAL TERM
Topical term or geographic name entry element Young clusters
9 (RLIN) 26281
700 ## - ADDED ENTRY--PERSONAL NAME
Personal name Zinnecker, H
9 (RLIN) 26282
942 ## - ADDED ENTRY ELEMENTS (KOHA)
Koha item type Books
Holdings
Withdrawn status Lost status Damaged status Not for loan Home library Current library Shelving location Date acquired Cost, normal purchase price Total Checkouts Full call number Barcode Date last seen Cost, replacement price Price effective from Koha item type Purchase Price
        IIA Library-Bangalore IIA Library-Bangalore General Stacks 04/07/2002 3160.47   524.3-52(082.2)/ PAL 15624 05/11/2021 3160.47 04/07/2002 Books Rs. 3160.47

Powered by Koha